Adiós a la verdad
Guardat en:
| Autor principal: | |
|---|---|
| Format: | Llibre |
| Idioma: | espanyol |
| Publicat: |
Barcelona
Gedisa
2010
|
| Edició: | 1a. ed |
| Col·lecció: | Cla De Ma. Filosofía
|
| Matèries: | |
| Etiquetes: |
Afegir etiqueta
Sense etiquetes, Sigues el primer a etiquetar aquest registre!
|
MARC
| LEADER | 00000nam a2200000 a 4500 | ||
|---|---|---|---|
| 001 | UCG7020 | ||
| 003 | CL-VaPUC | ||
| 008 | 110617e20100900SP |||||||||||||||||spa|d | ||
| 020 | |a 9788497841672 | ||
| 082 | 0 | 4 | |a 230.01 |b VAT |2 21 |
| 100 | 0 | |a Vattimo, Gianni |e author |9 557552 | |
| 245 | 1 | 0 | |a Adiós a la verdad |
| 250 | |a 1a. ed | ||
| 300 | |a 159 p | ||
| 942 | |c BK | ||
| 945 | |d 20110617 00:00:00 |a dcastane | ||
| 260 | |a Barcelona |b Gedisa |c 2010 | ||
| 650 | 0 | |a Filosofía de la religión |9 256017 | |
| 650 | 0 | |a Filosofía contemporánea |9 265372 | |
| 650 | 0 | |a Violencia social |9 399777 | |
| 650 | 7 | |a FILOSOFIA POLITICA |2 CL-VaPUC |9 557553 | |
| 650 | 0 | |a Nihilismo |9 265670 | |
| 583 | |a last modification |c 20110617 00:00:00 |k Rodrigo Vera | ||
| 490 | 0 | |a Cla De Ma. Filosofía | |
| 999 | |c 345123 |d 345121 | ||
| 952 | |0 0 |1 0 |4 0 |6 230_010000000000000_VAT_2010 |7 0 |8 A |9 443589 |a BIBEDU |b BIBEDU |d 2019-11-22 |i 4783700 |o 230.01 VAT 2010 |p 4783700 |r 2019-11-22 |w 2019-11-22 |y BK |k FIL | ||